| 000 | 00794nam a2200205Ia 4500 | ||
|---|---|---|---|
| 999 |
_c15602 _d15602 |
||
| 082 | _aTG.0246 | ||
| 100 | _aGhosh, P.K. | ||
| 245 | 0 | _aIndustrial buyer behaviour in the thermoplastic raw material manufacturing industry in India for capital fabricated and standard | |
| 260 |
_c1977 _bIndian Institute of Management, Ahmedabad |
||
| 300 | _a306p. | ||
| 650 | _aPROCUREMENT, INDUSTRIAL//INDUSTRIAL PROCUREMENT | ||
| 650 | _aPURCHASING, INDUSTRIAL//INDUSTRIAL PROCUREMENT | ||
| 650 | _aTHERMOPLASTIC INDUSTRIES - INDIA | ||
| 650 | _aINDUSTRIAL PROCUREMENT - INDIA | ||
| 650 | _aINDUSTRIAL PURCHASING//INDUSTRIAL PROCUREMENT | ||
| 650 | _aBUYING, INDUSTRIAL//INDUSTRIAL PROCUREMENT | ||
| 650 | _aINDUSTRIAL BUYING//INDUSTRIAL PROCUREMENT | ||
| 710 | _aSengupta, S. | ||
| 942 |
_cTH _2ddc |
||